[Event "31st Crespi Memorial"]
[Site "Milan ITA"]
[Date "2010.12.04"]
[Round "1"]
[White "Herman,Ma"]
[Black "David,Alb"]
[Result "1-0"]
[WhiteElo "2149"]
[BlackElo "2587"]

1.e4 c5 2.Nf3 e6 3.d4 cxd4 4.Nxd4 a6 5.Bd3 Bc5 6.Nb3 Be7 7.f4 d6 8.Be3 Nf6
9.N1d2 Nc6 10.Qf3 Nb4 11.g4 Qc7 12.g5 Nd7 13.Ke2 b6 14.a3 Nxd3 15.cxd3 Bb7
16.Rac1 Qd8 17.Nd4 Rc8 18.h4 g6 19.Rcf1 e5 20.fxe5 Nxe5 21.Qf4 O-O 22.h5 Qd7
23.Rfg1 Rfe8 24.hxg6 fxg6 25.Nf5 Bf8 26.Bd4 Nc6 27.Bc3 d5 28.Qh4 Rc7 29.Ng7 Qxg7
30.Bxg7 Rxg7 31.Kd1 Ne5 32.Rg3 Rc8 33.d4 Rc4 34.Rg4 Bxa3 35.bxa3 Rgc7 36.Re1 Bc6
37.Ke2 Bb5 38.Kf2  1-0

[Event "Frauenbundesliga 1st Div 2010-11"]
[Site "Germany GER"]
[Date "2010.12.05"]
[Round "4.4"]
[White "Ghader Pour,S"]
[Black "Borulya,E"]
[Result "0-1"]
[WhiteElo "2208"]
[BlackElo "2302"]

1.e4 c5 2.Nf3 e6 3.d4 cxd4 4.Nxd4 a6 5.Bd3 Nc6 6.Nxc6 dxc6 7.Nd2 Qc7 8.O-O e5
9.Nc4 b5 10.Ne3 Nf6 11.c4 b4 12.Bd2 a5 13.f4 exf4 14.Nf5 Bxf5 15.exf5 Bc5+
16.Kh1 O-O 17.Bxf4 Bd6 18.Bxd6 Qxd6 19.Qc2 Ng4 20.g3 Ne3 21.Qe2 Nxf1 22.Rxf1 Rfe8
23.Qf3 Qd4 24.f6 g6 25.Bc2 Re6 26.c5 Rae8 27.Rf2 Qxc5 28.Bb3 Qxf2  0-1

[Event "2nd Pilsen Open"]
[Site "Plzen CZE"]
[Date "2010.12.05"]
[Round "2"]
[White "Richardson,Kei"]
[Black "Sargsjan,K"]
[Result "1/2-1/2"]
[WhiteElo "2135"]
[BlackElo "1891"]

1.e4 c5 2.Nf3 e6 3.d4 cxd4 4.Nxd4 a6 5.Bd3 Qc7 6.O-O Nc6 7.Be3 Nf6 8.Nxc6 bxc6
9.f4 Bb7 10.Nd2 d6 11.Qe2 Be7 12.Kh1 h5 13.c4 Ng4 14.Bg1 c5 15.a3 Nf6 16.b4 h4
17.Be3 h3 18.bxc5 dxc5 19.gxh3 Rd8 20.Bc2 Rxh3 21.Rab1 Ba8 22.Rf3 Rh4 23.Bf2 Rh6
24.Bg3 Rxd2 25.Qxd2 Nxe4 26.Qe1 Nxg3+ 27.Qxg3 Bh4 28.Qg2 Bf6 29.Kg1 Bd4+
30.Kf1 Qc6 31.Rb8+ Ke7 32.Rxa8 Qxa8 33.Rb3 Qxg2+ 34.Kxg2 e5 35.Rb7+ Ke6 36.f5+ Kf6
37.Be4 Rh4 38.Bd5 Kxf5 39.Rxf7+ Kg6 40.Ra7 e4 41.Rxa6+ Kf5 42.Re6 Rg4+ 43.Kh3 g5
44.Re8 Rh4+ 45.Kg2 e3 46.Bf3 Be5 47.Rf8+ Kg6 48.Rg8+ Kf6 49.h3 Rxc4 50.Rf8+ Ke7
51.Rf7+ Kd6 52.Be2 Ra4 53.Rf5 Bf4 54.Kf3 Rxa3 55.h4 Ra7 56.hxg5  1/2-1/2

[Event "ch-RSSU"]
[Site "Moscow RUS"]
[Date "2010.12.09"]
[Round "9"]
[White "Gerasimov,I"]
[Black "Papin,V"]
[Result "0-1"]
[WhiteElo "2354"]
[BlackElo "2541"]

1.e4 c5 2.Nf3 e6 3.d4 cxd4 4.Nxd4 a6 5.Bd3 Nf6 6.O-O Qc7 7.Kh1 Bc5 8.Nb3 Be7
9.f4 d6 10.Be3 b6 11.Nc3 Nbd7 12.Be2 Bb7 13.Bf3 b5 14.a3 Rc8 15.Bf2 O-O 16.Bg3 e5
17.Nc1 exf4 18.Bxf4 Ne5 19.Bxe5 dxe5 20.Nd3 Nd7 21.Bg4 Rcd8 22.Bxd7 Rxd7
23.Qg4 Rd4 24.Qf5 Bd6 25.Rae1 g6 26.Qf6 Qd8 27.Qf2 f5 28.exf5 Rxf5 29.Qe3 Rg4
30.Rg1 Rh5 31.Nf2 Rgh4 32.h3 Bc5  0-1

[Event "Schachbundesliga 2010-11"]
[Site "Hamburg GER"]
[Date "2010.12.11"]
[Round "5"]
[White "Heinemann,T"]
[Black "Meier,Geo"]
[Result "1/2-1/2"]
[WhiteElo "2488"]
[BlackElo "2659"]

1.e4 c5 2.Nf3 e6 3.d4 cxd4 4.Nxd4 a6 5.Bd3 Bc5 6.Nb3 Be7 7.c4 d6 8.Nc3 Nf6
9.O-O b6 10.Be3 Bb7 11.f3 O-O 12.Qd2 Nbd7 13.Qf2 Rb8 14.Rfd1 Qc7 15.Rac1 Rfe8
16.Bf1 Rbc8 17.a3 Qb8 18.Kh1 Bd8 19.Nd2 Bc7 20.g3 Qa8 21.Bg2 d5 22.cxd5 exd5
23.Nxd5 Nxd5 24.exd5 Bxd5 25.Nf1 Nf8 26.f4 Bxg2+ 27.Qxg2 Qb8 28.Rc6 Rcd8
29.Rxd8 Bxd8 30.Qd5 h6 31.Kg2 Nh7 32.Qd6 Qa8 33.Qd7 Nf6  1/2-1/2

[Event "TCh-NED"]
[Site "Netherlands NED"]
[Date "2010.12.11"]
[Round "4.1"]
[White "Van Wely,L"]
[Black "Lubbe,N"]
[Result "1-0"]
[WhiteElo "2679"]
[BlackElo "2367"]

1.e4 c5 2.Nf3 e6 3.d4 cxd4 4.Nxd4 a6 5.Bd3 Bc5 6.Nb3 Be7 7.O-O d6 8.Qe2 Nc6
9.Bd2 Nf6 10.a4 b6 11.c4 Nd7 12.Bc3 Bf6 13.f4 Bb7 14.Bxf6 Qxf6 15.Nc3 Nc5
16.e5 dxe5 17.Nxc5 bxc5 18.Ne4 Qe7 19.Qe3 exf4 20.Rxf4 e5 21.Rg4 f5 22.Rxg7 Qxg7
23.Nd6+ Kd8 24.Bxf5 Kc7 25.Nxb7 Kxb7 26.Be4 Qe7 27.Rd1 Kc7 28.Rd5 Nd4 29.Qh6 Qf8
30.Qh5 Qf4 31.Rxc5+ Kb6 32.Rxe5 Qe3+ 33.Kf1 Raf8+ 34.Bf3 Qc1+ 35.Kf2 Qxb2+
36.Kg3 Rhg8+ 37.Kh3 Rxf3+  1-0

[Event "17th Open A"]
[Site "Zadar CRO"]
[Date "2010.12.13"]
[Round "3.21"]
[White "Somborski,N"]
[Black "Paljusaj,E"]
[Result "0-1"]
[WhiteElo "2386"]
[BlackElo "2316"]

1.e4 c5 2.Nf3 e6 3.d4 cxd4 4.Nxd4 a6 5.Bd3 Bc5 6.Nb3 Ba7 7.Qe2 d6 8.Nc3 Nc6
9.Be3 Nge7 10.O-O e5 11.Bxa7 Rxa7 12.Qe3 b5 13.a4 b4 14.Nd5 Ra8 15.Bc4 Be6
16.Rfd1 O-O 17.a5 Bxd5 18.Bxd5 Qc7 19.h3 Rfd8 20.Ra4 Rab8 21.Qe2 Qa7 22.Bc4 Ra8
23.Rd3 Ng6 24.g3 Qd7 25.Qg4 Qe8 26.Ra1 Nf8 27.Rad1 Qe7 28.R1d2 Qc7 29.Qd1 Ne7
30.Bd5 Rab8 31.Qf3 Nxd5 32.Rxd5 Ne6 33.Qd3 h6 34.h4 Kh7 35.Qxa6 g5 36.hxg5 Nxg5
37.Rxd6 Kg7 38.Rxd8 Rxd8 39.Rxd8 Qxd8 40.Qd3 Qc8 41.Nd2 Qg4 42.a6 Nh3+ 43.Kf1 Qd1+
44.Kg2 Qg1+ 45.Kxh3 Qh1+ 46.Kg4 Kg6  0-1

[Event "17th Open A"]
[Site "Zadar CRO"]
[Date "2010.12.15"]
[Round "5.1"]
[White "Saric,Iv"]
[Black "Fauland,A"]
[Result "1-0"]
[WhiteElo "2574"]
[BlackElo "2451"]

1.e4 c5 2.Nf3 e6 3.d4 cxd4 4.Nxd4 a6 5.Bd3 Ne7 6.O-O Nbc6 7.c3 g6 8.Be3 Bg7
9.Nd2 d5 10.Nxc6 bxc6 11.f4 O-O 12.e5 a5 13.Qe2 a4 14.b4 Bb7 15.Bc5 Re8 16.Rf3 Nc8
17.Rh3 Nb6 18.Nf3 Nd7 19.Be3 Qe7 20.a3 Rec8 21.Nd4 Rcb8 22.Qf2 Bf8 23.Bc2 c5
24.bxc5 Nxc5 25.f5 Ne4 26.Bxe4 dxe4 27.f6 Qc7 28.Qh4 h5 29.Qg5 Ra5 30.Rxh5 Qxc3
31.Rc1 Qxa3 32.Rh3 Rc8 33.Rf1  1-0

[Event "48th ch-IND"]
[Site "New Delhi IND"]
[Date "2010.12.17"]
[Round "8"]
[White "Padmini,R"]
[Black "Prathamesh,S"]
[Result "0-1"]
[WhiteElo "2352"]
[BlackElo "2408"]

1.e4 c5 2.Nf3 e6 3.d4 cxd4 4.Nxd4 a6 5.Bd3 Nf6 6.O-O Qc7 7.f4 Bc5 8.c3 d6
9.Kh1 e5 10.Nc2 Nc6 11.f5 d5 12.Nd2 Ne7 13.exd5 Nexd5 14.c4 Nf4 15.Ne4 Nxd3
16.Qxd3 Nxe4 17.Qxe4 Bd7 18.b4 Bc6 19.Qg4 Be7 20.Bb2 Bf6 21.Ne3 Rd8 22.Rad1 O-O
23.Qg3 Rxd1 24.Rxd1 h5 25.c5 Rd8 26.Rxd8+ Qxd8 27.Bxe5 h4 28.Qf4 h3 29.Bxf6 Qxf6
30.Kg1 Qa1+ 31.Qf1 Qd4 32.Qf2 Qxb4 33.gxh3 Qb1+ 34.Qf1 Qxa2 35.Qd3 Qa5 36.Kf2 Qxc5
37.Qd8+ Qf8 38.Qc7 Qb4 39.Qd8+ Qf8 40.Qc7 Qb4 41.Qd8+ Kh7 42.Qd3 Qf4+ 43.Ke1 Bb5
44.Qb3 Qxh2 45.Kd1 Qe2+ 46.Kc1 Qd3  0-1

[Event "European Rapid Championship"]
[Site "Warsaw POL"]
[Date "2010.12.18"]
[Round "2"]
[White "Angelini,M"]
[Black "Mchedlishvili,M"]
[Result "0-1"]
[WhiteElo "2189"]
[BlackElo "2637"]

1.e4 c5 2.Nf3 e6 3.d4 cxd4 4.Nxd4 a6 5.Bd3 Ne7 6.Nc3 Nbc6 7.Nb3 Ng6 8.O-O d6
9.f4 Be7 10.f5 Nge5 11.fxe6 Bxe6 12.Nd5 Bxd5 13.exd5 Qb6+ 14.Kh1 Nb8 15.Be4 Nbd7
16.Qe2 g6 17.Be3 Qb4 18.Bd4 O-O 19.c3 Qc4 20.Qxc4 Nxc4 21.Rf2 Nde5 22.Raf1 Bg5
23.h3 f5 24.Bb1 Rac8 25.g3 Rfe8 26.Re2 h5 27.Rfe1 Kf7 28.Kg2 Re7 29.Nc1 Rce8
30.b3 Na3 31.Bd3 Bxc1 32.Bxe5 Rxe5 33.Rxe5 Rxe5 34.Rxc1 Rxd5 35.Rd1 Kf6 36.Kf3 Nb1
37.c4 Nc3 38.Rd2 Rd4 39.Ke3 Ke5 40.h4 Ne4 41.Rg2 Nxg3  0-1

[Event "European Rapid Championship"]
[Site "Warsaw POL"]
[Date "2010.12.18"]
[Round "3"]
[White "Rajlich,V"]
[Black "Gajewski,G"]
[Result "0-1"]
[WhiteElo "2303"]
[BlackElo "2555"]

1.e4 c5 2.Nf3 e6 3.d4 cxd4 4.Nxd4 a6 5.Bd3 Bc5 6.Nb3 Be7 7.c4 d6 8.O-O Nf6
9.Nc3 b6 10.a4 Nc6 11.f4 Bb7 12.Be3 Nd7 13.Rf3 Nc5 14.Bc2 Bf6 15.Nd4 O-O
16.e5 Bh4 17.Rh3 g6 18.Nxc6 Bxc6 19.b4 Nd7 20.Qxd6 Rc8 21.b5 Ba8 22.Rd1 Rxc4
23.Bd2 Be7 24.Qd3 Qc7 25.Qe2 a5 26.Be1 Rxf4 27.Bd2 Bc5+ 28.Kh1 Rf2 29.Rf3  0-1

[Event "European Rapid Championship"]
[Site "Warsaw POL"]
[Date "2010.12.18"]
[Round "3"]
[White "Vovk,A"]
[Black "Drozdowski,K"]
[Result "1/2-1/2"]
[WhiteElo "2546"]
[BlackElo "2303"]

1.e4 c5 2.Nf3 e6 3.d4 cxd4 4.Nxd4 a6 5.Bd3 Nf6 6.O-O Qc7 7.c4 d6 8.Nc3 g6
9.h3 Bg7 10.Nf3 O-O 11.Bf4 Nbd7 12.Rc1 b6 13.Qe2 Ne5 14.Nxe5 dxe5 15.Be3 Bb7
16.b4 Nd7 17.Rfd1 Rac8 18.Rc2 Rfd8 19.f3 Bf8 20.a3 Bc6 21.Qf2 Qb8 22.Rb2 b5
23.c5 Qb7 24.Qe2 Nb8 25.Ra1 Be8 26.a4 bxa4 27.Nxa4 Bxa4 28.Rxa4 Qd7 29.Ra3 a5
30.bxa5 Bxc5 31.Bxc5 Rxc5 32.a6 Nc6 33.Bb5 Qd4+ 34.Kh2 Rc1 35.Bxc6 Qg1+ 36.Kg3 Rxc6
37.a7 Rcc8 38.Rb7 h5 39.h4 Qc5 40.Qa2 Ra8 41.Qb2 Kg7 42.Rb8 Rdxb8 43.Qxb8 Rxb8
44.axb8=Q Qxa3 45.Qxe5+ Kg8 46.Qb8+ Kg7 47.Qe5+ Kg8 48.Qc7 Qe3 49.Qb8+ Kg7
50.Qb2+ Kg8 51.Qb8+ Kg7 52.Qf4 Qe1+ 53.Kh2 Qf2 54.e5 Qe2 55.Qf6+ Kg8 56.Kh3 Qf1
57.Qd8+ Kg7 58.Qd4 Qh1+ 59.Kg3 Qe1+ 60.Kh2 Qe2 61.Qf4 Qf2 62.Kh3 Qf1 63.Qe3 Qh1+
64.Kg3 Qf1 65.Kh2 Qd1 66.Qe4 Qd2 67.Kh3 Qd1 68.Kh2 Qd2  1/2-1/2

[Event "European Rapid Championship"]
[Site "Warsaw POL"]
[Date "2010.12.18"]
[Round "7"]
[White "Tazbir,M"]
[Black "Drozdowski,K"]
[Result "1-0"]
[WhiteElo "2527"]
[BlackElo "2303"]

1.e4 c5 2.Ne2 e6 3.d4 cxd4 4.Nxd4 a6 5.Bd3 Nf6 6.O-O Qc7 7.c4 d6 8.Nc3 g6
9.Be3 Bg7 10.f3 O-O 11.Qd2 Nbd7 12.Rfc1 b6 13.Bf1 Bb7 14.a4 Rad8 15.a5 bxa5
16.Nb3 Qb8 17.Nxa5 Ba8 18.Bd4 Rfe8 19.b4 Nf8 20.Qf2 d5 21.e5 N6d7 22.f4 dxc4
23.Nxc4 Qxb4 24.Nd6 Qb8 25.Rab1 Qc7 26.Ncb5 Qa5 27.Nc7 Re7 28.Ra1 Qb4 29.Nxa6 Qb3
30.Bc4 Nxe5 31.fxe5  1-0

[Event "Amitan Memorial"]
[Site "Donetsk UKR"]
[Date "2010.12.22"]
[Round "4"]
[White "Kasparov,S"]
[Black "Volovikov,An"]
[Result "1-0"]
[WhiteElo "2484"]
[BlackElo "2324"]

1.e4 c5 2.Nf3 e6 3.d4 cxd4 4.Nxd4 a6 5.Bd3 Bc5 6.Nb3 Be7 7.c4 Nf6 8.e5 Ng8
9.Qg4 g6 10.O-O Nc6 11.Qe2 Qc7 12.f4 h5 13.Nc3 Nh6 14.Ne4 Nf5 15.c5 h4 16.Be3 Qd8
17.Nbd2 Nb4 18.Nc4 Nd5 19.Ned6+ Kf8 20.Bxf5 gxf5 21.Nb6 Nxb6 22.cxb6 Bxd6
23.exd6 Qf6 24.Qf2 Rg8 25.Kh1 Qh6 26.Rac1 f6 27.Rc3 Kf7 28.a4 Qh8 29.a5 Qh6
30.Rd1 Qh5 31.Rd2 Rb8 32.Bd4 Ra8 33.Rf3 Rg4 34.h3 Rg8 35.b3 Qh6 36.Rd1 Qh5
37.Rg1 Qh7 38.Kh2 Qh6 39.Bc3 Qf8 40.Rd3 Qh6 41.g3 hxg3+ 42.Rdxg3 Rxg3 43.Qxg3 Qh7
44.Bxf6 Kxf6 45.Qg5+  1-0

[Event "Rilton Cup 2010-11"]
[Site "Stockholm SWE"]
[Date "2010.12.27"]
[Round "1"]
[White "Getz,N"]
[Black "Hedstrom Johan"]
[Result "1-0"]
[WhiteElo "2317"]
[BlackElo "2043"]

1.e4 c5 2.Nf3 e6 3.d4 cxd4 4.Nxd4 a6 5.Bd3 Nf6 6.Nc3 Qc7 7.O-O Nc6 8.Be3 h5
9.h3 b5 10.Nxc6 dxc6 11.a4 b4 12.Nb1 c5 13.Nd2 Bb7 14.Qf3 Be7 15.Nc4 Nd7
16.Bf4 e5 17.Bh2 f6 18.Ne3 g6 19.a5 Kf7 20.Bc4+ Kg7 21.Rfd1 Rad8 22.Nd5 Bxd5
23.Rxd5 Nb8 24.Qd3 Nc6 25.Rxd8 Rxd8 26.Bd5 Nd4 27.Qxa6 Nxc2 28.Rf1 Bd6 29.Qb7 Qxb7
30.Bxb7 Bb8 31.f4 exf4 32.Bxf4 Ba7 33.e5 c4+ 34.Kh1 Ne3 35.exf6+ Kf7 36.Rc1 Kxf6
37.Bf3 Nd5 38.Rxc4 Kf5 39.Bd2 Ne3 40.Bxe3 Bxe3 41.Rxb4 Rc8 42.Rb5+ Kf4 43.Kh2 Bf2
44.Rb4+ Ke3 45.Re4+ Kd3 46.h4 Rb8 47.Re2 Bd4 48.a6 Rb4 49.Re6 Rxb2 50.Rxg6 Ra2
51.Bxh5 Ke3 52.Bf3 Kf2 53.Re6 Kf1 54.h5 Ra4 55.h6 Bf2 56.Be2+  1-0

[Event "34th Christmas Master Open"]
[Site "Zuerich SUI"]
[Date "2010.12.27"]
[Round "2"]
[White "Klauser,M"]
[Black "Lang,Fa"]
[Result "1-0"]
[WhiteElo "2372"]
[BlackElo "2054"]

1.e4 c5 2.Nf3 e6 3.d4 cxd4 4.Nxd4 a6 5.Bd3 Nf6 6.O-O d6 7.c4 Bd7 8.Nc3 Nc6
9.Nxc6 Bxc6 10.b4 b6 11.Bb2 Be7 12.f4 O-O 13.Qe2 Nd7 14.Rad1 Qc7 15.Nd5 exd5
16.exd5 Ba4 17.Qxe7 Bxd1 18.Rxd1 Rae8 19.Qg5 g6 20.Qh6 f6 21.Bxg6 Re7 22.Bf5 Qxc4
23.Be6+ Rxe6 24.dxe6 Qxe6 25.Qh3 Re8 26.Qxe6+ Rxe6 27.Kf2 f5 28.Kf3 Kf7 29.Rd5 Kg6
30.g4 fxg4+ 31.Kxg4 Nf6+ 32.Bxf6 Rxf6 33.f5+ Kf7 34.b5 axb5 35.Rd3 Ke7 36.Rc3 d5
37.Kf4 Rd6 38.Ke5 Kd7 39.Rh3 h6 40.Rg3 Ke7 41.Rg7+ Kf8 42.Rh7 Rd8 43.Rh8+ Ke7
44.Rxd8  1-0

[Event "Rilton Cup 2010-11"]
[Site "Stockholm SWE"]
[Date "2010.12.31"]
[Round "5"]
[White "Getz,N"]
[Black "Cramling,P"]
[Result "0-1"]
[WhiteElo "2317"]
[BlackElo "2526"]

1.e4 c5 2.Nf3 e6 3.d4 cxd4 4.Nxd4 a6 5.Bd3 Bc5 6.Nb3 Ba7 7.Qe2 Nc6 8.Be3 d6
9.N1d2 Nf6 10.O-O e5 11.c4 O-O 12.h3 Be6 13.Bxa7 Rxa7 14.Rfd1 Nd7 15.Qe3 a5
16.Nb1 a4 17.N3d2 Nc5 18.Na3 b6 19.Nb5 Rd7 20.Rac1 h6 21.Bb1 Qa8 22.Nf1 Na5
23.Na3 Nc6 24.Nb5 Na5 25.Na3 Qd8 26.Ng3 Qg5 27.Qxg5 hxg5 28.Nf1 g6 29.Ne3 Rfd8
30.Nb5 Kf8 31.Rc3 Nc6 32.Kh2 Ke7 33.Rd2 Na7 34.Na3 Rb7 35.b4 axb3 36.axb3 b5
37.b4 Na4 38.Rcd3 bxc4 39.Nexc4 Rxb4 40.Nxd6 Nc6 41.Ndb5 Rxd3 42.Bxd3 Nc5
43.f3 Nd4 44.Bf1 Ndb3 45.Rd1 Ra4 46.Nc2 Ra2 47.Nb4 Rb2 48.Nc6+ Kf6 49.Nd6 Bd7
50.Nxe5 Nd2 51.Ndc4 Nxf1+ 52.Rxf1 Re2 53.Nxd7+ Nxd7 54.Rd1 Nc5 55.Nb6 Ne6
56.Nd5+ Ke5 57.Ra1 f5 58.Ra5 Kd6 59.Ra6+ Ke5 60.Nb6 Nf4 61.Nd7+ Kd4 62.Ra4+ Ke3
63.exf5 gxf5 64.Kh1 Nxg2 65.Ra3+ Kf4 66.Nf6 Ne3 67.h4 gxh4 68.Ra4+ Kxf3 69.Rxh4 Re1+
70.Kh2 Nf1+ 71.Kh3 Ng3  0-1

[Event "Rilton Cup 2010-11"]
[Site "Stockholm SWE"]
[Date "2010.12.31"]
[Round "5"]
[White "Azizi,H"]
[Black "Winge,S"]
[Result "0-1"]
[WhiteElo "2140"]
[BlackElo "2290"]

1.e4 c5 2.Nf3 e6 3.d4 cxd4 4.Nxd4 a6 5.Bd3 Bc5 6.Nb3 Ba7 7.O-O Nc6 8.a4 Nf6
9.Bg5 h6 10.Bh4 d6 11.N1d2 e5 12.Nc4 Be6 13.Kh1 g5 14.Bg3 Nxe4 15.Bxe4 Bxc4
16.Re1 Be6 17.Qf3 Rc8 18.Rad1 Qe7 19.Qh5 Kf8 20.Bd5 Kg7 21.Bxe6 fxe6 22.c3 Bb8
23.c4 Rhf8 24.Rd2 Rf5 25.Qd1 Qf8 26.Re4 Rd8 27.h4 Qf7 28.a5 Bc7 29.Kg1 Qf8
30.Rd3 Ne7 31.hxg5 hxg5 32.c5 d5 33.Rb4 Rb8 34.Nd4 Qf7 35.Nxf5+ exf5 36.Qa4 Nc6
37.Rb6 f4 38.Bh2 Bxb6 39.axb6 Rh8 40.Qb3 d4 41.Qd1 Qh5 42.Qxh5 Rxh5 43.f3 Kf7
44.g4 Rh8 45.Kg2 Ke6 46.Rd1 Kd5 47.Rc1 Nb4 48.Bg1 Nd3 49.Rd1 Nxb2 50.Ra1 Nd3  0-1

[Event "Rilton Cup 2010-11"]
[Site "Stockholm SWE"]
[Date "2011.01.03"]
[Round "7"]
[White "Sagit,R"]
[Black "Winge,S"]
[Result "1-0"]
[WhiteElo "2406"]
[BlackElo "2290"]

1.e4 c5 2.Nf3 e6 3.d4 cxd4 4.Nxd4 a6 5.Bd3 Bc5 6.Nb3 Ba7 7.Qe2 Nc6 8.Be3 d6
9.Nc3 Nge7 10.Bxa7 Rxa7 11.O-O b5 12.a4 b4 13.Nd1 Ne5 14.a5 Nxd3 15.Qxd3 O-O
16.Ne3 f5 17.Rfd1 f4 18.Nc4 d5 19.Nb6 f3 20.exd5 Nxd5 21.g3 Qg5 22.Nxd5 Rd7
23.Qe3 Rxd5 24.Qxg5 Rxg5 25.Rd4 Rb5 26.Rad1 e5 27.Rc4 g5 28.g4 h5 29.h3 hxg4
30.hxg4 Bb7 31.Rc5 Rxc5 32.Nxc5 Bc8 33.Rd6 Kg7 34.Kh2 Bxg4 35.Kg3 Bc8 36.Rb6 g4
37.Rxb4 Rh8 38.Rxg4+ Bxg4 39.Kxg4 Rc8 40.b4 e4 41.Kf4 Rf8+ 42.Kxe4 Kg6 43.Nxa6 Kg5
44.b5 Kg4 45.Nc7 Kh3 46.b6 Rf7 47.Nd5 Rf5 48.b7  1-0

[Event "1st HDBank Cup"]
[Site "Ho Chi Minh City VIE"]
[Date "2011.01.04"]
[Round "2.23"]
[White "Sukandar,I"]
[Black "Shao Shuai"]
[Result "1-0"]
[WhiteElo "2382"]
[BlackElo "2222"]

1.e4 c5 2.Nf3 e6 3.d4 cxd4 4.Nxd4 a6 5.Bd3 Nf6 6.O-O Qc7 7.Kh1 h5 8.f4 Bc5
9.Nb3 Ba7 10.Nc3 Ng4 11.Qe2 d6 12.Bd2 Nd7 13.Rae1 Nc5 14.Nxc5 Bxc5 15.e5 d5
16.f5 Bd4 17.Rf4 Qb6 18.Nd1 exf5 19.Bxf5 Bxf5 20.Rxf5 g6 21.e6 fxe6 22.Rxd5 O-O
23.Ba5 Qxb2 24.Qxe6+ Rf7 25.Qxg6+ Kf8 26.Qd6+  1-0

[Event "1st HDBank Cup"]
[Site "Ho Chi Minh City VIE"]
[Date "2011.01.06"]
[Round "5.6"]
[White "Lu Shanglei"]
[Black "Tran Thanh Tu"]
[Result "1/2-1/2"]
[WhiteElo "2416"]
[BlackElo "2286"]

1.e4 c5 2.Nf3 e6 3.d4 cxd4 4.Nxd4 a6 5.Bd3 Bc5 6.Nb3 Ba7 7.O-O d6 8.Qg4 Nf6
9.Qxg7 Rg8 10.Qh6 Rg6 11.Qh4 Rg4 12.Qh3 e5 13.Qf3 Nh5 14.Bc4 Nf4 15.Bxf4 exf4
16.e5 dxe5 17.Re1 Kf8 18.Rxe5 Nc6 19.Re1 Nd4 20.Nxd4 Qxd4 21.Bb3 Rh4 22.c3 Qb6
23.Nd2 Bd7 24.Nc4 Qh6 25.Ne5 Rxh2 26.Nxd7+ Kg7 27.Kf1 Qh4 28.Bc2 Bxf2 29.Qxf2 Rh1+
30.Ke2 Re8+ 31.Be4 Rxe4+ 32.Kf3 Re3+ 33.Qxe3 Qg3+ 34.Ke4 fxe3 35.Rxh1 Qg4+
36.Kxe3 Qxd7 37.Rh4 Qe6+ 38.Kf3 Qd5+ 39.Kg3 Qd3+ 40.Kh2 Qe2 41.b4 Qe5+ 42.Kh1 Qxc3
43.Rf1 Qa3 44.Rf2 f6 45.Rhf4 Qc3 46.Kh2 Qe5 47.Rf3 b5 48.a3 Kg6 49.Kh3 h5
50.Rg3+ Kf7 51.Rf1 Qe4 52.Rgf3 Qg4+ 53.Kh2 Qg5 54.Rd1 Qe5+ 55.Kh1 Kg6 56.Rdf1 Qg5
57.Kh2 Qe5+ 58.Kh3 Qe6+ 59.Kh2 Qe5+ 60.Rg3+ Kf7 61.Kh3 Qe6+ 62.Kh2 Qe5 63.Kh3 Qe6+
64.Kh2 Qe5 65.Kh3 Qe6+  1/2-1/2

[Event "1st HDBank Cup"]
[Site "Ho Chi Minh City VIE"]
[Date "2011.01.07"]
[Round "6.19"]
[White "Wang Jue"]
[Black "Pham Le Thao Nguyen"]
[Result "0-1"]
[WhiteElo "2252"]
[BlackElo "2343"]

1.e4 c5 2.Nf3 e6 3.d4 cxd4 4.Nxd4 a6 5.Bd3 Bc5 6.Nb3 Be7 7.Be3 d6 8.N1d2 Nf6
9.f4 Nbd7 10.Qf3 Qc7 11.O-O-O b5 12.g4 Nb6 13.h4 Nc4 14.g5 Nd7 15.h5 e5 16.f5 a5
17.Nb1 b4 18.f6 gxf6 19.g6 Bf8 20.Rdg1 hxg6 21.hxg6 Rxh1 22.gxf7+ Ke7 23.Rxh1 Nxe3
24.Qxe3 Nb6 25.N3d2 Be6 26.Nf3 Qc5 27.Qe2 Ra7 28.Nh4 Kd8 29.Nd2 a4 30.Nf5 Rxf7
31.Kb1 Kc7 32.Rc1 Rh7 33.Nb3 Qc6 34.Na5 Qe8 35.Nc4 Bxf5 36.exf5 Nxc4 37.Bxc4 Rh1
38.Rf1 a3 39.Qg4 Qc6 40.Be2 Rxf1+ 41.Bxf1 d5 42.Qg8 Be7 43.Qh7 Qd6 44.Qg8 e4
45.Qa8 Qc5 46.Qe8 Bd6 47.Qf7+ Kc6 48.Qe8+ Kb7 49.Qa4 Be5 50.Qd7+ Bc7 51.Qa4 Qd6
52.Qb5+ Bb6 53.Be2 Kc7 54.bxa3 bxa3 55.c4 Qh2 56.cxd5 Qg1+ 57.Kc2 Kd6 58.Qc4 Ke5  0-1

[Event "1st HDBank Cup"]
[Site "Ho Chi Minh City VIE"]
[Date "2011.01.07"]
[Round "7.2"]
[White "Yu Yangyi"]
[Black "Tran Thanh Tu"]
[Result "1-0"]
[WhiteElo "2607"]
[BlackElo "2286"]

1.e4 c5 2.Nf3 e6 3.d4 cxd4 4.Nxd4 a6 5.Bd3 Bc5 6.Nb3 Ba7 7.O-O Nc6 8.Qe2 d6
9.Be3 Nf6 10.c4 Bxe3 11.Qxe3 Ng4 12.Qg3 h5 13.Be2 Nce5 14.f4 Ng6 15.Nc3 Qh4
16.Qxh4 Nxh4 17.g3 Ng6 18.Bxg4 hxg4 19.Rfd1 Ke7 20.Rd2 b5 21.Rad1 Rh5 22.Na5 Bd7
23.Rxd6 Be8 24.Nc6+ Kf8 25.cxb5 Rc5 26.a4 axb5 27.axb5 Ne7 28.Ne5 Nc8 29.Rd8 Ke7
30.Nc6+ Bxc6 31.bxc6 Nb6 32.Rxa8 Nxa8 33.Rd7+ Kf6 34.e5+ Kg6 35.Ra7 Nb6 36.c7 Nc8
37.Rb7 Ne7 38.Kf2 Kf5 39.Ke2  1-0

[Event "10th Open"]
[Site "Prague CZE"]
[Date "2011.01.08"]
[Round "2"]
[White "Simek,P2"]
[Black "Kanovsky,D"]
[Result "0-1"]
[WhiteElo "2293"]
[BlackElo "2497"]

1.e4 c5 2.Nf3 e6 3.d4 cxd4 4.Nxd4 a6 5.Bd3 Qc7 6.O-O Nf6 7.c4 d6 8.Nc3 g6
9.Be3 Bg7 10.Kh1 O-O 11.f4 Nbd7 12.Rc1 b6 13.b4 Bb7 14.Nb3 Rac8 15.Qe2 Qb8
16.Bg1 Qa8 17.Rc2 Rfd8 18.Re1 Nh5 19.Qd2 Bxc3 20.Rxc3 e5 21.f5 Nf4 22.fxg6 hxg6
23.Bb1 Nf6 24.Bxb6 Nxe4 25.Bxe4 Bxe4 26.Rxe4 Qxe4 27.Bxd8 Rxd8 28.Nc5 Qa8
29.Nd3 d5 30.Nxf4 dxc4 31.Qc1 exf4 32.h3 Rd3 33.Rxc4 Rxh3+ 34.Kg1 Qa7+ 35.Rc5 Re3
36.Qc4 f3 37.Qd4 Re8 38.gxf3 Qe7 39.Qf2 Qd6 40.Kg2 Qf4 41.Qb2 Rd8 42.Rc2 Kh7
43.Qc1 Qxb4 44.Kg3 Qd4 45.Rh2+ Kg8 46.Rh4 Qe5+ 47.Qf4 Qe1+ 48.Kh3 Qc3 49.Kg3 Re8
50.Qd4 Qe1+ 51.Kh3 Qe6+ 52.Kg3 Qe5+ 53.Qxe5 Rxe5 54.Ra4 a5 55.Kf4 Rf5+ 56.Ke3 Kg7
57.Rc4 Rb5 58.Kd3 f5 59.Kc3 Kh6 60.a4 Rb1 61.Kd4 Kg5 62.Ke3 Ra1 63.Kf2 Kh5
64.Ke3 g5 65.f4 g4 66.Rc5 Ra3+ 67.Ke2 Rxa4 68.Rxf5+ Kh4 69.Rf8 Kg3 70.f5 Rf4
71.f6 a4 72.f7 a3 73.Ra8 Rxf7 74.Rxa3+ Kg2  0-1

[Event "9th Parsvnath Open"]
[Site "New Delhi IND"]
[Date "2011.01.12"]
[Round "7"]
[White "Sangma,R"]
[Black "Stefansson,H"]
[Result "0-1"]
[WhiteElo "2386"]
[BlackElo "2580"]

1.e4 c5 2.Nf3 e6 3.d4 cxd4 4.Nxd4 a6 5.Bd3 Bc5 6.Nb3 Be7 7.Qg4 g6 8.Qe2 d6
9.c4 b6 10.Nc3 Bb7 11.O-O Nd7 12.a4 Rb8 13.a5 bxa5 14.Nxa5 Ba8 15.Kh1 h5
16.f4 h4 17.f5 Ngf6 18.fxe6 fxe6 19.c5 Nxc5 20.e5 h3 21.Kg1 hxg2 22.Bxg6+ Kd7
23.Rd1 Rxh2 24.Kxh2 Qh8+ 25.Kg3 Rg8 26.Qc2 Nfe4+ 27.Nxe4 Bxe4 28.Rxd6+ Bxd6  0-1

[Event "I Antonio Rocha Mem"]
[Site "Campinas BRA"]
[Date "2011.01.17"]
[Round "5.3"]
[White "Name,G"]
[Black "De Nucci,G"]
[Result "1/2-1/2"]
[WhiteElo "2138"]
[BlackElo "2066"]

1.e4 c5 2.Nf3 e6 3.d4 cxd4 4.Nxd4 a6 5.Bd3 Nc6 6.Nb3 Qc7 7.Nc3 Nf6 8.O-O Be7
9.Be3 O-O 10.Qe2 b5 11.a3  1/2-1/2

[Event "Marienbad Open"]
[Site "Marianske Lazne CZE"]
[Date "2011.01.18"]
[Round "4"]
[White "Grela,K"]
[Black "Vachulka,M"]
[Result "1-0"]
[WhiteElo "1714"]
[BlackElo "1890"]

1.e4 c5 2.Nf3 e6 3.d4 cxd4 4.Nxd4 a6 5.Bd3 d6 6.O-O Nf6 7.c4 Be7 8.Nc3 O-O
9.b3 Nc6 10.Nxc6 bxc6 11.Bb2 Nd7 12.f4 f5 13.exf5 exf5 14.Ne2 Bf6 15.Bxf6 Qxf6
16.Bc2 c5 17.Qd5+ Kh8 18.Qxa8 Re8 19.Qc6 Qe6 20.Ng3 Qe3+ 21.Kh1 Nb8 22.Qf3 Qd2
23.Bxf5  1-0

[Event "Marienbad Open"]
[Site "Marianske Lazne CZE"]
[Date "2011.01.18"]
[Round "5"]
[White "Novotny,M1"]
[Black "Dvirnyy,D"]
[Result "1-0"]
[WhiteElo "2275"]
[BlackElo "2480"]

1.e4 c5 2.Nf3 e6 3.d4 cxd4 4.Nxd4 a6 5.Bd3 Bc5 6.Nb3 Be7 7.Nc3 Qc7 8.f4 d6
9.Qe2 Nc6 10.Bd2 b5 11.O-O Nf6 12.Rae1 Bb7 13.e5 dxe5 14.fxe5 Nd7 15.Bf4 Nb4
16.Be4 Bxe4 17.Qxe4 Nb6 18.Re3 Qc6 19.Rg3 Qxe4 20.Nxe4 Bf8 21.Ng5 Nc4 22.Bd2 Nxd2
23.Nxd2 Bc5+ 24.Kh1 O-O 25.Nde4 Be7 26.Nf6+ Bxf6 27.exf6 Ra7 28.fxg7 Re8
29.Nxh7  1-0

[Event "Marienbad Open"]
[Site "Marianske Lazne CZE"]
[Date "2011.01.19"]
[Round "6"]
[White "Poznanska,K"]
[Black "Simonian,H"]
[Result "0-1"]
[WhiteElo "2065"]
[BlackElo "2475"]

1.e4 c5 2.Nf3 e6 3.d4 cxd4 4.Nxd4 a6 5.Bd3 Bc5 6.Nb3 Be7 7.Be3 Nf6 8.N1d2 Nc6
9.f4 e5 10.f5 d5 11.Qf3 Nb4 12.O-O Bd7 13.exd5 Nxd3 14.cxd3 Bb5 15.d6 Qxd6
16.Nc4 Qxd3 17.Nxe5 Qd5 18.Rfe1 O-O 19.Bf4 Bb4 20.Red1 Qxf3 21.gxf3 Rfd8
22.a3 Be7 23.Rxd8+ Rxd8 24.a4 Bd3 25.Rc1 Bxf5 26.Na5 Nd5 27.Bg3 h5 28.Nxb7 Rb8
29.Nc5 Rxb2 30.Nc6 Bg5 31.f4 Nxf4 32.Ne7+ Kh7 33.Bxf4 Bxf4 34.Re1 Bxh2+ 35.Kh1 Bg4  0-1

[Event "Marienbad Open"]
[Site "Marianske Lazne CZE"]
[Date "2011.01.19"]
[Round "6"]
[White "Szymczak,P"]
[Black "Vachulka,M"]
[Result "1-0"]
[WhiteElo "1689"]
[BlackElo "1890"]

1.e4 c5 2.Nf3 e6 3.d4 cxd4 4.Nxd4 a6 5.Bd3 Nc6 6.c3 Be7 7.Be3 d6 8.O-O Nf6
9.Nd2 Nxd4 10.cxd4 b5 11.f4 Bb7 12.Qe2 Rc8 13.e5 Nd5 14.f5 Nxe3 15.Qxe3 Bg5
16.Qe2 Bxd2 17.Qxd2 O-O 18.f6 h6 19.fxg7 Kxg7 20.Rf6 Rh8 21.Qf4 dxe5 22.dxe5 Qg8
23.Rf1 Rc7 24.Qg3+ Kf8 25.Bg6 Rh7 26.Bxh7 Qxh7 27.Rxe6 Rc2 28.Qa3+ Kg7 29.Rxf7+ Kxf7
30.Qe7+ Kg8 31.Qe8+  1-0